[Event "ENCI Limburg-open B"]
[Site "Maastricht"]
[Date "2008.05.09"]
[Round "1"]
[White "Van Ginneken, Jeroen"]
[Black "Drose, Daniela"]
[Result "1/2-1/2"]
[WhiteElo "1597"]
[BlackElo "1735"]
[PlyCount "96"]
[EventDate "2008.05.09"]
[EventType "swiss"]
[EventRounds "7"]
[EventCountry "NED"]
[Source "P.Boonen"]
[SourceDate "2010.01.01"]

1. f4 Nc6 2. Nf3 d6 3. e3 e5 4. fxe5 dxe5 5. d3 Nf6 6. Be2 Be7 7. O-O e4 8. Ng5
O-O 9. Nxe4 Nxe4 10. dxe4 Qxd1 11. Bxd1 Be6 12. Nc3 Rfd8 13. b3 Bf6 14. Bb2 Rd2
15. Na4 Bg5 16. Re1 Rad8 17. Bc3 Bxe3+ 18. Kh1 R2d7 19. Rxe3 Rxd1+ 20. Rxd1
Rxd1+ 21. Re1 Rxe1+ 22. Bxe1 b6 23. c4 Nd4 24. Nc3 c6 25. Bg3 a6 26. Bf2 c5 27.
Nd5 b5 28. cxb5 axb5 29. Bxd4 cxd4 30. Kg1 Kf8 31. Kf2 Bxd5 32. exd5 Ke7 33.
Ke2 Kd6 34. Kd3 Kxd5 35. a4 bxa4 36. bxa4 Kc5 37. g4 h6 38. h4 h5 39. g5 f5 40.
gxf6 gxf6 41. a5 Kb5 42. Kxd4 Kxa5 43. Ke4 Kb5 44. Kf5 Kc6 45. Kxf6 Kd6 46. Kg6
Ke7 47. Kxh5 Kf7 48. Kh6 Kg8 1/2-1/2

[Event "ENCI Limburg-open B"]
[Site "Maastricht"]
[Date "2008.05.09"]
[Round "1"]
[White "Van Ginneken, Maikel"]
[Black "Bok, Gidius"]
[Result "1-0"]
[WhiteElo "1277"]
[BlackElo "1519"]
[PlyCount "97"]
[EventDate "2008.05.09"]
[EventType "swiss"]
[EventRounds "7"]
[EventCountry "NED"]
[Source "P.Boonen"]
[SourceDate "2010.01.01"]

1. d4 d5 2. c4 Nf6 3. Nc3 Nc6 4. Bg5 Be6 5. e4 dxe4 6. Bxf6 exf6 7. d5 Nb4 8.
a3 Nd3+ 9. Bxd3 exd3 10. dxe6 fxe6 11. Nf3 Qd7 12. O-O O-O-O 13. Nb5 Kb8 14.
Nbd4 e5 15. Nb3 g6 16. Qd2 Bg7 17. Ne1 e4 18. Rd1 Rhe8 19. g3 Qe6 20. Qc1 f5
21. Ng2 Qb6 22. Na1 Qxb2 23. Ne3 Qxc1 24. Rxc1 Bb2 25. Rb1 Bxa3 26. Nb3 Re6 27.
Ra1 Ra6 28. Ra2 Be7 29. Rb2 Bf6 30. Rbb1 Bd4 31. Nd5 c6 32. Nf4 Be5 33. Nc5 Rb6
34. Nfe6 Rxb1 35. Rxb1 Rc8 36. Nd7+ Ka8 37. Nxe5 b5 38. cxb5 cxb5 39. Nd7 d2
40. Kg2 Kb7 41. Nec5+ Kc6 42. Rd1 a5 43. Rxd2 a4 44. Kf1 a3 45. Nb3 a2 46. Ne5+
Kc7 47. Rc2+ Kd8 48. Rxa2 Ke7 49. Ra5 1-0

[Event "ENCI Limburg-open B"]
[Site "Maastricht"]
[Date "2008.05.09"]
[Round "1"]
[White "Van Liempt, Michael"]
[Black "Been, Klaas"]
[Result "1/2-1/2"]
[WhiteElo "1788"]
[BlackElo "1625"]
[PlyCount "76"]
[EventDate "2008.05.09"]
[EventType "swiss"]
[EventRounds "7"]
[EventCountry "NED"]
[Source "P.Boonen"]
[SourceDate "2010.01.01"]

1. Nf3 d5 2. c4 e6 3. e3 Nf6 4. Nc3 Bd6 5. Be2 O-O 6. O-O Nbd7 7. d4 c6 8. Bd2
Re8 9. Rc1 b6 10. a3 Ba6 11. cxd5 Bxe2 12. Nxe2 cxd5 13. Nc3 Rc8 14. Nb5 Rxc1
15. Qxc1 Bb8 16. Bb4 Ne4 17. Qc6 a6 18. Nd6 Bxd6 19. Bxd6 Nxd6 20. Qxd6 Qc8 21.
h3 Rd8 22. Qe7 Re8 23. Qd6 Rd8 24. Qb4 Qc7 25. g3 Rc8 26. Kg2 Qd8 27. Qd6 Qc7
28. Qb4 a5 29. Qe7 Nf8 30. Qxc7 Rxc7 31. Ne5 f6 32. Nd3 Kf7 33. Rc1 Rxc1 34.
Nxc1 Ke7 35. b3 Kd6 36. Kf3 Nd7 37. Ke2 Kc6 38. Nd3 Kd6 1/2-1/2

[Event "ENCI Limburg-open B"]
[Site "Maastricht"]
[Date "2008.05.09"]
[Round "1"]
[White "Van Oirschot, Kees"]
[Black "Werts, Frits"]
[Result "1-0"]
[WhiteElo "1807"]
[BlackElo "1642"]
[PlyCount "37"]
[EventDate "2008.05.09"]
[EventType "swiss"]
[EventRounds "7"]
[EventCountry "NED"]
[Source "P.Boonen"]
[SourceDate "2010.01.01"]

1. d4 e6 2. c4 f5 3. Nf3 Nf6 4. g3 Be7 5. Nc3 O-O 6. Bg2 d6 7. O-O Qe8 8. Qc2
Nbd7 9. Nb5 Bd8 10. Nc3 c6 11. b3 Bc7 12. Ba3 Qh5 13. e3 Re8 14. d5 e5 15. dxc6
bxc6 16. Nh4 Nb8 17. Bf3 Qg5 18. Nb5 Bb6 19. Nxd6 1-0

[Event "ENCI Limburg-open B"]
[Site "Maastricht"]
[Date "2008.05.09"]
[Round "1"]
[White "Van Steenwinckel, Hugo"]
[Black "Pijlman, Rene"]
[Result "0-1"]
[WhiteElo "1699"]
[BlackElo "1868"]
[PlyCount "54"]
[EventDate "2008.05.09"]
[EventType "swiss"]
[EventRounds "7"]
[EventCountry "NED"]
[Source "P.Boonen"]
[SourceDate "2010.01.01"]

1. e4 c5 2. Nf3 Nc6 3. d4 cxd4 4. Nxd4 g6 5. Be3 Nf6 6. Nc3 Bg7 7. Be2 O-O 8.
Qd2 d5 9. exd5 Nb4 10. d6 e5 11. Nf3 Bf5 12. Bd1 Qa5 13. a3 Rfd8 14. O-O Ne8
15. Ne2 Nc6 16. Qxa5 Nxa5 17. Ng3 Be6 18. Be2 Nxd6 19. b3 Nc6 20. Rad1 Rac8 21.
c4 b6 22. Ng5 Bf5 23. Bf3 Bc2 24. Rd2 Bxb3 25. c5 Nc4 26. Rxd8+ Nxd8 27. Bd5
Nxe3 0-1

[Event "ENCI Limburg-open B"]
[Site "Maastricht"]
[Date "2008.05.09"]
[Round "1"]
[White "Van den Heede, Dorian"]
[Black "Loose, Rob"]
[Result "1/2-1/2"]
[WhiteElo "1686"]
[BlackElo "1859"]
[PlyCount "75"]
[EventDate "2008.05.09"]
[EventType "swiss"]
[EventRounds "7"]
[EventCountry "NED"]
[Source "P.Boonen"]
[SourceDate "2010.01.01"]

1. e4 e5 2. f4 exf4 3. Nf3 g5 4. h4 g4 5. Ne5 d6 6. Nxg4 Nf6 7. Nxf6+ Qxf6 8.
Nc3 Rg8 9. Qf3 c6 10. Be2 Nd7 11. Qf2 Bh6 12. d3 Ne5 13. Bd2 Ng4 14. Qf1 Qe5
15. O-O-O Be6 16. Kb1 Ne3 17. Bxe3 fxe3 18. Bf3 Qd4 19. Qe2 O-O-O 20. Rde1 d5
21. Nd1 dxe4 22. dxe4 Qa4 23. a3 Qa5 24. Nxe3 Rd2 25. Nc4 Bxc4 26. Qxc4 Bg7 27.
Re3 Qe5 28. c3 Rgd8 29. Rhe1 Qg3 30. e5 Qf2 31. R3e2 Rxe2 32. Rxe2 Qf1+ 33. Ka2
Bh6 34. Qg4+ Kc7 35. Rc2 Rd2 36. Qe4 Rxc2 37. Qxc2 Qe1 38. Be4 1/2-1/2

[Event "ENCI Limburg-open B"]
[Site "Maastricht"]
[Date "2008.05.09"]
[Round "1"]
[White "Vancleef, Arne"]
[Black "Klees, Robert"]
[Result "0-1"]
[WhiteElo "1517"]
[BlackElo "1239"]
[PlyCount "80"]
[EventDate "2008.05.09"]
[EventType "swiss"]
[EventRounds "7"]
[EventCountry "NED"]
[Source "P.Boonen"]
[SourceDate "2010.01.01"]

1. d4 c5 2. e3 cxd4 3. exd4 Nf6 4. Nf3 e6 5. Bd3 Nc6 6. O-O Be7 7. Nbd2 O-O 8.
c3 Qc7 9. Re1 d6 10. Nb3 a6 11. Qc2 b5 12. Bg5 g6 13. Bf4 Nh5 14. Bd2 Nf6 15.
Bf4 Nh5 16. Bd2 Nf6 17. Re2 Bd7 18. Rae1 Nd8 19. Kh1 Nb7 20. Bg5 Bc6 21. Bxf6
Bxf6 22. Be4 d5 23. Bd3 Be8 24. Ne5 Be7 25. Re3 a5 26. Qe2 a4 27. Nd2 Bg5 28.
Rg3 f6 29. Nef3 Bh6 30. Qxe6+ Kh8 31. Qxd5 Bc6 32. Qe6 Rae8 33. Qh3 Rxe1+ 34.
Nxe1 Bxd2 35. Nf3 Bf4 36. Rxg6 Qf7 37. Rg4 Bd7 38. Qh4 Bxg4 39. Qxg4 Bh6 40.
Qh5 Qxh5 0-1

[Event "ENCI Limburg-open B"]
[Site "Maastricht"]
[Date "2008.05.09"]
[Round "1"]
[White "Westra, Siebren"]
[Black "Bravo, Fabio"]
[Result "0-1"]
[WhiteElo "1835"]
[BlackElo "1665"]
[PlyCount "46"]
[EventDate "2008.05.09"]
[EventType "swiss"]
[EventRounds "7"]
[EventCountry "NED"]
[Source "P.Boonen"]
[SourceDate "2010.01.01"]

1. e4 c5 2. Nf3 Nc6 3. Nc3 d6 4. d4 cxd4 5. Nxd4 Nf6 6. Bb5 Bd7 7. O-O g6 8.
Nxc6 bxc6 9. Bc4 Bg7 10. Be3 O-O 11. Qd2 Ng4 12. Bg5 Nf6 13. Rad1 Ne8 14. Bh6
Bxh6 15. Qxh6 Ng7 16. Kh1 Qa5 17. Be2 Rab8 18. f4 Rxb2 19. Rd3 Rxc2 20. Rff3
Bg4 21. Rh3 Bxh3 22. Qxh3 Rc1+ 23. Bd1 Qxc3 0-1

[Event "ENCI Limburg-open B"]
[Site "Maastricht"]
[Date "2008.05.09"]
[Round "1"]
[White "Whitmire, James David"]
[Black "Peek, Harrie"]
[Result "1-0"]
[WhiteElo "1589"]
[BlackElo "1722"]
[PlyCount "55"]
[EventDate "2008.05.09"]
[EventType "swiss"]
[EventRounds "7"]
[EventCountry "NED"]
[Source "P.Boonen"]
[SourceDate "2010.01.01"]

1. Nf3 d5 2. d4 Nf6 3. c4 c6 4. cxd5 cxd5 5. Nc3 Nc6 6. Bf4 e6 7. e3 Be7 8. Be2
O-O 9. O-O Nh5 10. Ne5 Nxf4 11. exf4 a6 12. a3 Qb6 13. Na4 Qxd4 14. Nxc6 Qxd1
15. Nxe7+ Kh8 16. Rfxd1 Bd7 17. Nc5 Be8 18. Nxb7 Ra7 19. Nd6 Rxe7 20. Nxe8
Rfxe8 21. Bxa6 g6 22. b4 e5 23. fxe5 Rxe5 24. Kf1 Ra8 25. Bb7 Rd8 26. b5 Rde8
27. Bxd5 Rc8 28. Bc6 1-0

[Event "ENCI Limburg-open B"]
[Site "Maastricht"]
[Date "2008.05.09"]
[Round "1"]
[White "Woudsma, Ron"]
[Black "Gunther, Justin"]
[Result "0-1"]
[WhiteElo "1607"]
[BlackElo "1752"]
[PlyCount "72"]
[EventDate "2008.05.09"]
[EventType "swiss"]
[EventRounds "7"]
[EventCountry "NED"]
[Source "P.Boonen"]
[SourceDate "2010.01.01"]

1. e4 c5 2. Nf3 d6 3. d3 Nf6 4. g3 g6 5. Bg2 Bg7 6. O-O O-O 7. Nbd2 Nc6 8. c3
Bd7 9. a4 Qc7 10. Re1 Bg4 11. h3 Bd7 12. Nf1 a6 13. Bg5 b5 14. axb5 axb5 15.
Qe2 h6 16. Bxf6 Bxf6 17. Ne3 e6 18. Qd2 Bg7 19. h4 Ra5 20. d4 cxd4 21. cxd4
Rfa8 22. Rxa5 Qxa5 23. Qxa5 Rxa5 24. Nc2 Ra4 25. e5 dxe5 26. dxe5 Ra2 27. Rd1
Rxb2 28. Rxd7 Rxc2 29. Ne1 Rc1 30. Bxc6 Rxc6 31. f4 Bf8 32. Kg2 Rc3 33. Nf3 b4
34. Rb7 Bc5 35. Ne1 b3 36. Kh3 Ba3 0-1

[Event "ENCI Limburg-open B"]
[Site "Maastricht"]
[Date "2008.05.09"]
[Round "1"]
[White "Yue, Tim"]
[Black "Sterck, Arno"]
[Result "1-0"]
[WhiteElo "1482"]
[BlackElo "1133"]
[PlyCount "49"]
[EventDate "2008.05.09"]
[EventType "swiss"]
[EventRounds "7"]
[EventCountry "NED"]
[Source "P.Boonen"]
[SourceDate "2010.01.01"]

1. e4 e5 2. Nf3 Nc6 3. d4 exd4 4. Nxd4 Bc5 5. Be3 Qf6 6. c3 Nge7 7. Bc4 O-O 8.
O-O Ne5 9. Bb3 N7c6 10. Kh1 Ng6 11. f4 Qe7 12. e5 Bxd4 13. cxd4 d6 14. Nc3 Rd8
15. Nd5 Qd7 16. f5 Nh4 17. e6 fxe6 18. fxe6 Qe7 19. Nxe7+ Nxe7 20. Bg5 Nhg6 21.
Rf7 Re8 22. Qf3 Nc6 23. Rxg7+ Kxg7 24. Qf7+ Kh8 25. Bf6# 1-0

[Event "ENCI Limburg-open B"]
[Site "Maastricht"]
[Date "2008.05.10"]
[Round "2"]
[White "Andziulevicius, Kestutis"]
[Black "Cromsigt, Jeroen"]
[Result "1-0"]
[WhiteElo "1732"]
[BlackElo "1860"]
[PlyCount "51"]
[EventDate "2008.05.09"]
[EventType "swiss"]
[EventRounds "7"]
[EventCountry "NED"]
[Source "P.Boonen"]
[SourceDate "2010.01.01"]

1. e4 e5 2. Nf3 Nc6 3. Bc4 Nf6 4. Ng5 d5 5. exd5 Na5 6. Bb5+ c6 7. dxc6 bxc6 8.
Be2 h6 9. Nf3 e4 10. Ne5 Qd4 11. f4 Bc5 12. Rf1 Qd8 13. c3 Nd5 14. b4 Qh4+ 15.
g3 Qxh2 16. Qa4 Qxg3+ 17. Kd1 Nxf4 18. bxa5 O-O 19. Qxe4 Nxe2 20. Qxe2 Re8 21.
d4 Rxe5 22. Qxe5 Bg4+ 23. Kc2 Qg2+ 24. Nd2 Be2 25. Re1 Qg6+ 26. Qe4 1-0

[Event "ENCI Limburg-open B"]
[Site "Maastricht"]
[Date "2008.05.10"]
[Round "2"]
[White "Arns, Danny"]
[Black "Overtoom, Reinier"]
[Result "0-1"]
[WhiteElo "1298"]
[BlackElo "1672"]
[PlyCount "74"]
[EventDate "2008.05.09"]
[EventType "swiss"]
[EventRounds "7"]
[EventCountry "NED"]
[Source "P.Boonen"]
[SourceDate "2010.01.01"]

1. e4 c5 2. Nc3 g6 3. Bc4 Bg7 4. Nf3 Nc6 5. O-O d6 6. h3 a6 7. d3 Nf6 8. Bg5
O-O 9. Qd2 b5 10. Bb3 e6 11. a3 Qc7 12. Bh6 Bb7 13. Bxg7 Kxg7 14. Ne2 Rac8 15.
Nf4 Qe7 16. c3 Ne5 17. Qe2 c4 18. dxc4 Nxc4 19. Bxc4 Rxc4 20. Nd2 Rcc8 21. Rad1
Rfd8 22. Rfe1 Qc7 23. Nd3 Nd7 24. Qe3 Nc5 25. f3 f6 26. Re2 Nxd3 27. Qxd3 d5
28. Qc2 d4 29. Nb3 e5 30. Rdd2 Qb6 31. Kh1 a5 32. Rd3 Ba6 33. Rd1 b4 34. Red2
bxc3 35. bxc3 Rxc3 36. Qxc3 dxc3 37. Rxd8 Qxb3 0-1

[Event "ENCI Limburg-open B"]
[Site "Maastricht"]
[Date "2008.05.10"]
[Round "2"]
[White "Augustin, Petr"]
[Black "Vancleef, Arne"]
[Result "0-1"]
[WhiteElo "1175"]
[BlackElo "1517"]
[PlyCount "86"]
[EventDate "2008.05.09"]
[EventType "swiss"]
[EventRounds "7"]
[EventCountry "NED"]
[Source "P.Boonen"]
[SourceDate "2010.01.01"]

1. e4 d5 2. exd5 Nf6 3. Nc3 Nxd5 4. Nxd5 Qxd5 5. Nf3 Nc6 6. d4 Bf5 7. c4 Qd7 8.
a3 g6 9. d5 O-O-O 10. Be2 Nb8 11. O-O Bg7 12. Rb1 Bxb1 13. Be3 Bf5 14. Qb3 b6
15. Nd4 Bxd4 16. Bxd4 f6 17. a4 a5 18. Bf3 Be6 19. Rd1 Bf7 20. Be3 Qd6 21. g3
Qb4 22. Qc2 Na6 23. Qe4 f5 24. Qe5 Qd6 25. Qc3 Nc5 26. Bf4 Qd7 27. Qg7 Rdf8 28.
Qe5 Rhg8 29. h3 Qd6 30. Qd4 Qd7 31. Qe5 Re8 32. Qd4 Nxa4 33. Rb1 Nc5 34. Rd1
Rd8 35. Qe3 Rge8 36. Bg5 Ne4 37. Bf4 Qa4 38. b3 Qb4 39. g4 Qc5 40. Qe2 Nc3 41.
Qe5 Nxd1 42. Bxd1 Qd6 43. Qd4 e5 0-1

[Event "ENCI Limburg-open B"]
[Site "Maastricht"]
[Date "2008.05.10"]
[Round "2"]
[White "Auwens, Michel"]
[Black "Moers, Lennard"]
[Result "1-0"]
[WhiteElo "1801"]
[BlackElo "1492"]
[PlyCount "63"]
[EventDate "2008.05.09"]
[EventType "swiss"]
[EventRounds "7"]
[EventCountry "NED"]
[Source "P.Boonen"]
[SourceDate "2010.01.01"]

1. e4 e5 2. d4 exd4 3. Bc4 Bc5 4. Nf3 Nc6 5. c3 dxc3 6. Nxc3 Nge7 7. O-O O-O 8.
Ng5 Ne5 9. Qh5 h6 10. Nxf7 Nxf7 11. Qxc5 Kh7 12. f4 d6 13. Qe3 Ng6 14. Bd3 Re8
15. Qg3 Qh4 16. Qxh4 Nxh4 17. f5 Ne5 18. Be2 g6 19. g3 Nxf5 20. exf5 Bxf5 21.
Nd5 Rec8 22. Bf4 c6 23. Bxe5 dxe5 24. Ne3 Rf8 25. Rad1 Rf7 26. g4 Be6 27. Rxf7+
Bxf7 28. Rd7 Kg8 29. Nc4 Bd5 30. Rxb7 e4 31. b3 g5 32. Ne3 1-0

[Event "ENCI Limburg-open B"]
[Site "Maastricht"]
[Date "2008.05.10"]
[Round "2"]
[White "Been, Klaas"]
[Black "Brixius, Dirk"]
[Result "0-1"]
[WhiteElo "1625"]
[BlackElo "1839"]
[PlyCount "130"]
[EventDate "2008.05.09"]
[EventType "swiss"]
[EventRounds "7"]
[EventCountry "NED"]
[Source "P.Boonen"]
[SourceDate "2010.01.01"]

1. d4 d5 2. Nf3 Nf6 3. e3 c6 4. Bd3 Bg4 5. Nbd2 e6 6. O-O Nbd7 7. Qe2 Be7 8.
Re1 c5 9. c3 O-O 10. e4 cxd4 11. cxd4 dxe4 12. Nxe4 Rc8 13. h3 Bh5 14. Bg5 h6
15. Bxf6 Nxf6 16. Rad1 Nd5 17. Ng3 Nf4 18. Qe4 Nxd3 19. Qxd3 Bg6 20. Qe3 Bb4
21. Re2 Qd5 22. a3 Ba5 23. Ne5 Bc2 24. Rc1 Bb3 25. Rxc8 Rxc8 26. Qd3 Rc1+ 27.
Kh2 Bd1 28. Re3 Ba4 29. Qe4 Qxe4 30. Rxe4 Rc2 31. Re2 Bc7 32. Rxc2 Bxc2 33. Nc4
f6 34. Ne3 Bb3 35. h4 f5 36. Nef1 g6 37. Kh3 Kf7 38. Nd2 Bd5 39. Ne2 g5 40.
hxg5 hxg5 41. f3 Bb6 42. g3 Ke7 43. f4 g4+ 44. Kh2 Ba5 45. b4 Bb6 46. Nb1 Bc4
47. Nbc3 Kd6 48. Kg2 Bxe2 49. Nxe2 Kd5 50. Nc3+ Kc4 51. Ne2 Bxd4 52. Nxd4 Kxd4
53. Kf2 Kd3 54. a4 Kc4 55. b5 Kb4 56. Ke3 Kxa4 57. Kd4 Kxb5 58. Ke5 a5 59. Kxe6
a4 60. Kxf5 a3 61. Kxg4 a2 62. Kg5 a1=Q 63. g4 Qg7+ 64. Kf5 Kc5 65. g5 b5 0-1

[Event "ENCI Limburg-open B"]
[Site "Maastricht"]
[Date "2008.05.10"]
[Round "2"]
[White "Begri, Felix"]
[Black "Van den Heede, Dorian"]
[Result "0-1"]
[WhiteElo "1365"]
[BlackElo "1686"]
[PlyCount "122"]
[EventDate "2008.05.09"]
[EventType "swiss"]
[EventRounds "7"]
[EventCountry "NED"]
[Source "P.Boonen"]
[SourceDate "2010.01.01"]

1. d4 d5 2. c4 e6 3. g3 Nf6 4. Bg2 Be7 5. Nf3 O-O 6. O-O Nbd7 7. cxd5 exd5 8.
Nc3 c6 9. Qc2 Nb6 10. Bf4 h6 11. Rac1 Be6 12. Rfe1 Kh8 13. e4 dxe4 14. Nxe4 Bf5
15. Nh4 Bxe4 16. Bxe4 g5 17. Nf5 gxf4 18. Nxh6 Nxe4 19. Qxe4 Bg5 20. Ng4 fxg3
21. Rc5 gxf2+ 22. Nxf2 Re8 23. Qxe8+ Qxe8 24. Rxe8+ Rxe8 25. Rxg5 Re2 26. Rf5
Kg8 27. h4 Rxb2 28. h5 Nd5 29. h6 f6 30. Ne4 Rxa2 31. Rh5 Kh7 32. Nd6 b5 33.
Nxb5 cxb5 34. Rxd5 Rb2 35. Rd7+ Kxh6 36. Rxa7 b4 37. Rb7 Kg5 38. d5 Kf5 39. Re7
b3 40. d6 Rd2 41. Rb7 Rxd6 42. Rxb3 Rd2 43. Rb4 Kg5 44. Rb8 f5 45. Rg8+ Kf4 46.
Rf8 Ke4 47. Re8+ Kf3 48. Rf8 f4 49. Rf7 Rg2+ 50. Kf1 Rc2 51. Kg1 Rc4 52. Rf6
Re4 53. Ra6 Re1+ 54. Kh2 Kf2 55. Rf6 f3 56. Rf5 Re2 57. Kh3 Re3 58. Kh2 Kf1 59.
Kh3 f2+ 60. Kh2 Ke1 61. Kg2 Re2 0-1

[Event "ENCI Limburg-open B"]
[Site "Maastricht"]
[Date "2008.05.10"]
[Round "2"]
[White "Bemmelmans, Kristy"]
[Black "Hollands, Maxim"]
[Result "1-0"]
[WhiteElo "1440"]
[BlackElo "1704"]
[PlyCount "57"]
[EventDate "2008.05.09"]
[EventType "swiss"]
[EventRounds "7"]
[EventCountry "NED"]
[Source "P.Boonen"]
[SourceDate "2010.01.01"]

1. e4 d6 2. d4 Nf6 3. Nc3 g6 4. Nf3 Bg7 5. Be2 c5 6. Be3 O-O 7. Qd2 cxd4 8.
Nxd4 a6 9. f3 b5 10. Bh6 Bd7 11. O-O-O Nc6 12. Bxg7 Kxg7 13. g4 Qa5 14. Nb3 Qc7
15. g5 Ne8 16. h4 Be6 17. Nd5 Bxd5 18. exd5 Ne5 19. f4 Nc4 20. Qd4+ f6 21. h5
Rc8 22. Bd3 Rg8 23. hxg6 hxg6 24. Rh6 Kf7 25. Qe4 Qd7 26. Rxg6 Ng7 27. gxf6
exf6 28. Re1 Rce8 29. Rxf6+ 1-0

[Event "ENCI Limburg-open B"]
[Site "Maastricht"]
[Date "2008.05.10"]
[Round "2"]
[White "Beukema, Louise"]
[Black "Bamberger, Alberto"]
[Result "0-1"]
[WhiteElo "1217"]
[BlackElo "1620"]
[PlyCount "118"]
[EventDate "2008.05.09"]
[EventType "swiss"]
[EventRounds "7"]
[EventCountry "NED"]
[Source "P.Boonen"]
[SourceDate "2010.01.01"]

1. e4 Nf6 2. Nc3 d6 3. Nf3 g6 4. d3 Bg7 5. Be3 O-O 6. d4 b6 7. Bc4 Nbd7 8. e5
dxe5 9. dxe5 Ng4 10. Qd5 Nxe3 11. fxe3 Rb8 12. O-O-O e6 13. Qd4 Qe7 14. Ne4 Rd8
15. Rhf1 Bb7 16. Nfg5 Nxe5 17. Qc3 Rxd1+ 18. Kxd1 Rd8+ 19. Kc1 Bxe4 20. Nxe4
Nd3+ 21. Qxd3 Rxd3 22. Bxd3 f5 23. Ng3 h5 24. h4 Qxh4 25. Ne2 Qg5 26. Nf4 e5
27. Bc4+ Kh7 28. Ne6 Qxe3+ 29. Kb1 Qg3 30. a3 e4 31. Rd1 Qe5 32. Ng5+ Kh6 33.
Nf7+ Kh7 34. Nxe5 Bxe5 35. Rd7+ Kh6 36. Bf7 Kg5 37. Re7 Bd6 38. Re6 Kf4 39.
Rxg6 e3 40. Bc4 h4 41. Re6 Kg3 42. Bd5 f4 43. Kc1 h3 44. Rg6+ Kf2 45. Bf3 hxg2
46. Rxg2+ Kxf3 47. Rh2 Kg3 48. Re2 f3 49. Rxe3 Bf4 50. Kd2 Kf2 51. Kd3 Bxe3 52.
Ke4 Ke2 53. Kd5 f2 54. Kc6 Bf4 55. Kb7 a5 56. b4 axb4 57. axb4 f1=Q 58. b5 Qf3+
59. Ka6 Qa8# 0-1

[Event "ENCI Limburg-open B"]
[Site "Maastricht"]
[Date "2008.05.10"]
[Round "2"]
[White "Bieberle, Gerhard"]
[Black "Whitmire, James David"]
[Result "0-1"]
[WhiteElo "1789"]
[BlackElo "1589"]
[PlyCount "90"]
[EventDate "2008.05.09"]
[EventType "swiss"]
[EventRounds "7"]
[EventCountry "NED"]
[Source "P.Boonen"]
[SourceDate "2010.01.01"]

1. d4 d5 2. e3 Nf6 3. Bd3 c5 4. c3 e6 5. f4 Nc6 6. a3 c4 7. Bc2 Be7 8. Nf3 O-O
9. O-O Ne4 10. Nbd2 f5 11. a4 Bd7 12. Nxe4 fxe4 13. Ne5 Nxe5 14. dxe5 Qc7 15.
Bd2 Be8 16. Kh1 h5 17. g4 hxg4 18. Qxg4 Rf5 19. Rg1 Bf8 20. Bd1 Bh5 21. Qg2 Qf7
22. Qg3 Re8 23. Bxh5 Qxh5 24. Rg2 Qh6 25. Rag1 Re7 26. Qe1 Rh5 27. Qe2 Qh7 28.
Be1 Rf7 29. Rg4 Rh3 30. Bg3 b5 31. axb5 Rb7 32. b3 cxb3 33. Rg2 a5 34. c4 a4
35. cxd5 exd5 36. Qf1 a3 37. f5 a2 38. f6 Rxb5 39. Rb2 Qh5 40. Rf4 Rxg3 41. e6
Rf3 42. f7+ Kh7 43. Qa1 Rxf4 44. exf4 Qf3+ 45. Rg2 b2 0-1

[Event "ENCI Limburg-open B"]
[Site "Maastricht"]
[Date "2008.05.10"]
[Round "2"]
[White "Boele, Martijn"]
[Black "Heman, Frans"]
[Result "1-0"]
[WhiteElo "1860"]
[BlackElo "1555"]
[PlyCount "101"]
[EventDate "2008.05.09"]
[EventType "swiss"]
[EventRounds "7"]
[EventCountry "NED"]
[Source "P.Boonen"]
[SourceDate "2010.01.01"]

1. e4 e6 2. d4 c5 3. d5 exd5 4. exd5 d6 5. Bd3 Nf6 6. c4 Be7 7. Ne2 Nbd7 8. Bf4
O-O 9. O-O Re8 10. Ng3 Nf8 11. Nf5 Bxf5 12. Bxf5 Ng6 13. Bg3 a6 14. Nc3 Bf8 15.
f4 Qc7 16. Qf3 Re7 17. Bc2 Qd7 18. Ba4 Qg4 19. Rae1 Rxe1 20. Bxe1 Qxf3 21. Rxf3
b5 22. cxb5 axb5 23. Bxb5 Ne7 24. Rd3 Nf5 25. h3 Rb8 26. b3 Nd4 27. Bc4 Re8 28.
Bh4 Ne2+ 29. Nxe2 Rxe2 30. Bxf6 gxf6 31. Rg3+ Kh8 32. Bxe2 Bh6 33. Bh5 Bxf4 34.
Rg4 Be5 35. Bxf7 h6 36. Kf1 f5 37. Rg6 Kh7 38. Ke2 f4 39. Kd3 h5 40. Ke4 h4 41.
Kf5 Kh8 42. Bg8 Bg7 43. Bf7 Be5 44. Ke6 f3 45. gxf3 Bf4 46. a4 Kh7 47. a5 Kh8
48. a6 Kh7 49. a7 Kh8 50. a8=Q+ Kh7 51. Qg8# 1-0

[Event "ENCI Limburg-open B"]
[Site "Maastricht"]
[Date "2008.05.10"]
[Round "2"]
[White "Bok, Gidius"]
[Black "De Ridder, Naomi"]
[Result "1-0"]
[WhiteElo "1519"]
[BlackElo "1302"]
[PlyCount "131"]
[EventDate "2008.05.09"]
[EventType "swiss"]
[EventRounds "7"]
[EventCountry "NED"]
[Source "P.Boonen"]
[SourceDate "2010.01.01"]

1. e4 e5 2. Nf3 Nc6 3. Bc4 Nf6 4. d3 d5 5. exd5 Nxd5 6. O-O Bg4 7. Re1 Bc5 8.
h3 Bh5 9. c3 O-O 10. b4 Bb6 11. b5 Na5 12. Rxe5 Nf6 13. Bb3 c6 14. Bg5 Bg6 15.
bxc6 bxc6 16. Bc2 Bc7 17. Re1 h6 18. Bh4 Bh5 19. Nbd2 Bb6 20. Re5 Bg6 21. Ne4
Bxe4 22. dxe4 Nc4 23. Qxd8 Raxd8 24. Rf5 Rd6 25. e5 Nxe5 26. Rxe5 Bc7 27. Bxf6
Rxf6 28. Re7 Bb6 29. Rae1 Rf4 30. Re8 Rc4 31. Bh7+ Kxh7 32. Rxf8 f6 33. Rc1 Ra4
34. Rc2 Bc5 35. Rc8 Ra6 36. Nd2 Bd6 37. Ne4 Be7 38. Rc7 Bd8 39. Nc5 Bxc7 40.
Nxa6 Bb6 41. Nb4 c5 42. Nd5 Bd8 43. Re2 a5 44. Re8 a4 45. Rxd8 Kg6 46. Ra8 Kf5
47. Rxa4 Ke5 48. Ne3 f5 49. Nxf5 Kxf5 50. Rc4 g5 51. a4 Ke6 52. a5 Kd6 53. a6
Kc6 54. Rxc5+ Kb6 55. Ra5 Ka7 56. c4 h5 57. c5 g4 58. c6 Kb8 59. c7+ Kxc7 60.
a7 gxh3 61. gxh3 h4 62. a8=Q Kd6 63. Qd5+ Kc7 64. Ra6 Kb8 65. Qf7 Kc8 66. Ra8#
1-0

[Event "ENCI Limburg-open B"]
[Site "Maastricht"]
[Date "2008.05.10"]
[Round "2"]
[White "Bravo, Fabio"]
[Black "Moog, Gerhard"]
[Result "0-1"]
[WhiteElo "1665"]
[BlackElo "1845"]
[PlyCount "132"]
[EventDate "2008.05.09"]
[EventType "swiss"]
[EventRounds "7"]
[EventCountry "NED"]
[Source "P.Boonen"]
[SourceDate "2010.01.01"]

1. e4 e5 2. Nf3 Nc6 3. Bc4 Nf6 4. d3 Be7 5. O-O O-O 6. Nc3 d6 7. h3 Be6 8. Bb3
a6 9. Nd5 Bxd5 10. exd5 Na5 11. c4 c5 12. dxc6 bxc6 13. Bc2 c5 14. a3 Nc6 15.
Rb1 a5 16. Bd2 Qb6 17. Re1 Ra7 18. Ba4 Rb8 19. Bb5 Nd8 20. b4 axb4 21. axb4
cxb4 22. Bxb4 Ne6 23. Bc3 Ra2 24. Re2 Rba8 25. Ba4 Qxb1 26. Qxb1 R2xa4 27. Kh2
h6 28. Rb2 Nd7 29. Rb7 Nef8 30. c5 dxc5 31. Nxe5 Bd6 32. Qb3 Nxe5 33. Bxe5
Bxe5+ 34. g3 c4 35. dxc4 Ra2 36. Qe3 Rb8 37. Rxb8 Bxb8 38. Kg2 Ba7 39. c5 Rc2
40. Qd3 Rxc5 41. f4 Rc7 42. Kf3 Re7 43. Qd8 Re3+ 44. Kg2 Re2+ 45. Kf3 Rf2+ 46.
Ke4 Re2+ 47. Kf3 Re3+ 48. Kg2 g6 49. Qc7 Ra3 50. Qc8 Kg7 51. Qb7 Ra2+ 52. Kf3
Ne6 53. Qb1 Rf2+ 54. Ke4 Bd4 55. Kd5 Bf6 56. Qe1 Rf3 57. Ke4 Rc3 58. Qf2 Rc4+
59. Kd3 Rd4+ 60. Ke2 Nc5 61. Qf3 Ne4 62. h4 Rb4 63. Qd3 Rb2+ 64. Ke3 Nxg3 65.
Kf3 Nf5 66. h5 Rb3 0-1